[Event "Greek Team Championship"]
[Site "chess24.com"]
[Date "2017.07.07"]
[Round "6"]
[White "Korniotis, Filippos"]
[Black "Kalodoukas, Odysseas"]
[Result "1/2-1/2"]
[Board "8"]
[WhiteElo "2143"]
[WhiteCountry "GRE"]
[WhiteFideId "4236912"]
[WhiteEloChange "-2"]
[BlackElo "2069"]
[BlackCountry "GRE"]
[BlackFideId "4266110"]
[BlackEloChange "2"]

1. d4 {[%clk 1:29:52]} d5 {[%clk 1:30:49]} 2. c4 {[%clk 1:30:14]} e6 {[%clk
1:31:08]} 3. Nc3 {[%clk 1:30:40]} Be7 {[%clk 1:30:56]} 4. cxd5 {[%clk 1:30:43]}
exd5 {[%clk 1:31:20]} 5. Bf4 {[%clk 1:30:44]} c6 {[%clk 1:31:19]} 6. e3 {[%clk
1:30:24]} Bf5 {[%clk 1:30:02]} 7. g4 {[%clk 1:28:57]} Be6 {[%clk 1:30:09]} 8. h4
{[%clk 1:28:31]} Nd7 {[%clk 1:30:10]} 9. Bg3 {[%clk 1:28:09]} Qb6 {[%clk
1:23:32]} 10. Rb1 {[%clk 1:23:34]} Ngf6 {[%clk 1:07:18]} 11. f3 {[%clk 1:17:38]}
Nf8 {[%clk 0:55:34]} 12. Bd3 {[%clk 1:12:19]} O-O-O {[%clk 0:39:36]} 13. Nge2
{[%clk 1:10:17]} Bd6 {[%clk 0:38:20]} 14. Bxd6 {[%clk 1:07:34]} Rxd6 {[%clk
0:38:38]} 15. b4 {[%clk 1:07:47]} Rd8 {[%clk 0:32:34]} 16. Na4 {[%clk 0:43:59]}
Qc7 {[%clk 0:32:08]} 17. b5 {[%clk 0:44:00]} Kb8 {[%clk 0:19:54]} 18. Nc5 {[%clk
0:41:09]} Bc8 {[%clk 0:16:40]} 19. Qa4 {[%clk 0:27:09]} cxb5 {[%clk 0:08:10]} 20.
Qxb5 {[%clk 0:27:36]} Ka8 {[%clk 0:06:59]} 21. Kd2 {[%clk 0:27:05]} Ne6 {[%clk
0:05:40]} 22. Rhc1 {[%clk 0:27:15]} Nxc5 {[%clk 0:05:30]} 23. Rxc5 {[%clk
0:27:28]} Qe7 {[%clk 0:04:34]} 24. g5 {[%clk 0:16:24]} Ne8 {[%clk 0:04:16]} 25.
Nf4 {[%clk 0:15:48]} Be6 {[%clk 0:01:09]} 26. Nxd5 {[%clk 0:03:18]} Bxd5 {[%clk
0:01:12]} 27. Rxd5 {[%clk 0:03:43]} Nd6 {[%clk 0:01:24]} 28. Qc5 {[%clk 0:02:00]}
f6 {[%clk 0:01:26]} 29. e4 {[%clk 0:01:24]} Qe6 {[%clk 0:00:59]} 30. Ba6 {[%clk
0:00:31]} Nxe4+ {[%clk 0:01:04]} 31. fxe4 {[%clk 0:00:55]} Qxa6 {[%clk 0:01:26]}
32. Qb5 {[%clk 0:00:41]} Rxd5 {[%clk 0:01:03]} 33. Qxd5 {[%clk 0:00:47]} fxg5
{[%clk 0:01:11]} 34. hxg5 {[%clk 0:01:15]} Rf8 {[%clk 0:01:15]} 35. Rb5 {[%clk
0:01:08]} h5 {[%clk 0:00:55]} 36. gxh6 {[%clk 0:01:17]} gxh6 {[%clk 0:01:20]} 37.
a4 {[%clk 0:01:35]} h5 {[%clk 0:01:18]} 38. e5 {[%clk 0:01:41]} Qh6+ {[%clk
0:01:15]} 39. Kd3 {[%clk 0:02:05]} Qg6+ {[%clk 0:01:16]} 40. Kc3 {[%clk 0:32:15]}
Rc8+ {[%clk 0:31:11]} 41. Rc5 {[%clk 0:30:02]} Rxc5+ {[%clk 0:19:10]} 42. Qxc5
{[%clk 0:30:16]} Kb8 {[%clk 0:17:51]} 43. Qf8+ {[%clk 0:30:25]} Kc7 {[%clk
0:18:09]} 44. Qe7+ {[%clk 0:29:26]} Kc8 {[%clk 0:11:22]} 45. Qf8+ {[%clk
0:18:12]} Kd7 {[%clk 0:09:24]} 46. Qf4 {[%clk 0:17:34]} Qc6+ {[%clk 0:05:58]} 47.
Kd3 {[%clk 0:17:55]} Qd5 {[%clk 0:05:43]} 48. Qf5+ {[%clk 0:16:56]} Ke7 {[%clk
0:05:11]} 49. Qg5+ {[%clk 0:15:09]} Kd7 {[%clk 0:05:23]} 50. Qg7+ {[%clk
0:14:14]} Ke8 {[%clk 0:05:14]} 51. Qh8+ {[%clk 0:14:00]} Kd7 {[%clk 0:05:04]} 52.
Qg7+ {[%clk 0:14:06]} Ke8 {[%clk 0:04:27]} 53. Qh8+ {[%clk 0:14:25]} Ke7 {[%clk
0:03:39]} 54. Qf6+ {[%clk 0:14:38]} Kd7 {[%clk 0:03:51]} 55. Qg7+ {[%clk
0:13:41]} Ke8 {[%clk 0:03:55]} 56. Qh8+ {[%clk 0:13:22]} 1/2-1/2

[Event "Greek Team Championship"]
[Site "chess24.com"]
[Date "2017.07.07"]
[Round "6"]
[White "Spyropoulos, Nikolaos"]
[Black "Paraskevas, Georgios"]
[Result "0-1"]
[Board "9"]
[WhiteElo "2229"]
[WhiteCountry "GRE"]
[WhiteFideId "4298977"]
[WhiteEloChange "-18"]
[BlackElo "1710"]
[BlackCountry "GRE"]
[BlackFideId "4262131"]
[BlackEloChange "18"]

1. e4 {[%clk 1:30:47]} e5 {[%clk 1:30:04]} 2. Nf3 {[%clk 1:31:08]} Nc6 {[%clk
1:30:00]} 3. Bb5 {[%clk 1:31:25]} a6 {[%clk 1:30:19]} 4. Ba4 {[%clk 1:31:45]} Nf6
{[%clk 1:30:09]} 5. O-O {[%clk 1:31:49]} b5 {[%clk 1:28:14]} 6. Bb3 {[%clk
1:32:15]} Bc5 {[%clk 1:28:28]} 7. d3 {[%clk 1:30:35]} d6 {[%clk 1:28:15]} 8. c3
{[%clk 1:30:53]} O-O {[%clk 1:27:07]} 9. h3 {[%clk 1:27:12]} h6 {[%clk 1:17:43]}
10. Re1 {[%clk 1:25:37]} Re8 {[%clk 1:17:54]} 11. Nbd2 {[%clk 1:25:01]} d5 {[%clk
1:10:09]} 12. exd5 {[%clk 1:13:59]} Nxd5 {[%clk 0:50:53]} 13. d4 {[%clk 1:04:41]}
Bb6 {[%clk 0:51:14]} 14. dxe5 {[%clk 0:51:50]} Nf4 {[%clk 0:50:29]} 15. Ne4
{[%clk 0:41:05]} Qxd1 {[%clk 0:49:42]} 16. Rxd1 {[%clk 0:38:26]} Ne2+ {[%clk
0:43:59]} 17. Kf1 {[%clk 0:37:48]} Nxc1 {[%clk 0:44:08]} 18. Bd5 {[%clk 0:33:39]}
Bb7 {[%clk 0:33:13]} 19. Raxc1 {[%clk 0:33:55]} Rad8 {[%clk 0:31:32]} 20. Rd2
{[%clk 0:33:24]} Rxd5 {[%clk 0:27:35]} 21. Rxd5 {[%clk 0:33:08]} Ne7 {[%clk
0:27:41]} 22. Rd2 {[%clk 0:26:19]} Bxe4 {[%clk 0:27:50]} 23. Nd4 {[%clk 0:26:07]}
Ng6 {[%clk 0:22:47]} 24. Re1 {[%clk 0:24:09]} Rxe5 {[%clk 0:15:32]} 25. Kg1
{[%clk 0:23:54]} Bb7 {[%clk 0:12:50]} 26. Rxe5 {[%clk 0:19:49]} Nxe5 {[%clk
0:12:58]} 27. Re2 {[%clk 0:20:06]} Nc4 {[%clk 0:06:26]} 28. Nf5 {[%clk 0:19:51]}
Kf8 {[%clk 0:04:35]} 29. Ng3 {[%clk 0:18:11]} Nd6 {[%clk 0:04:26]} 30. Re1 {[%clk
0:17:23]} Bd5 {[%clk 0:03:34]} 31. a3 {[%clk 0:17:38]} Be6 {[%clk 0:03:08]} 32.
Nh5 {[%clk 0:17:40]} Bc4 {[%clk 0:02:53]} 33. Nf4 {[%clk 0:17:39]} a5 {[%clk
0:02:38]} 34. Nh5 {[%clk 0:17:25]} f6 {[%clk 0:02:32]} 35. Ng3 {[%clk 0:17:31]}
Kf7 {[%clk 0:02:48]} 36. Nf1 {[%clk 0:17:41]} Be6 {[%clk 0:02:28]} 37. Re2 {[%clk
0:17:40]} Nc4 {[%clk 0:02:22]} 38. Ng3 {[%clk 0:17:46]} Ne5 {[%clk 0:02:18]} 39.
Ne4 {[%clk 0:17:06]} Ke7 {[%clk 0:02:18]} 40. Kh1 {[%clk 0:45:59]} c5 {[%clk
0:31:27]} 41. f4 {[%clk 0:43:59]} Nc4 {[%clk 0:26:22]} 42. a4 {[%clk 0:41:35]} b4
{[%clk 0:23:35]} 43. f5 {[%clk 0:29:53]} Bxf5 {[%clk 0:23:30]} 44. Nxc5+ {[%clk
0:29:02]} Kd6 {[%clk 0:23:33]} 45. cxb4 {[%clk 0:27:35]} Bxc5 {[%clk 0:20:21]}
46. bxc5+ {[%clk 0:28:01]} Kxc5 {[%clk 0:20:49]} 47. Re7 {[%clk 0:28:22]} g6
{[%clk 0:19:24]} 48. Rc7+ {[%clk 0:26:21]} Kd4 {[%clk 0:18:29]} 49. Rb7 {[%clk
0:24:06]} Be4 {[%clk 0:17:40]} 50. Rb8 {[%clk 0:24:10]} Ne3 {[%clk 0:14:57]} 51.
Rb5 {[%clk 0:23:01]} Bxg2+ {[%clk 0:05:07]} 52. Kh2 {[%clk 0:23:13]} f5 {[%clk
0:05:16]} 53. Rxa5 {[%clk 0:22:51]} f4 {[%clk 0:05:01]} 54. Ra6 {[%clk 0:20:10]}
Be4 {[%clk 0:03:43]} 55. Rf6 {[%clk 0:18:03]} f3 {[%clk 0:02:12]} 56. Kg3 {[%clk
0:18:05]} Nd5 {[%clk 0:01:52]} 57. Rf8 {[%clk 0:17:35]} Ke3 {[%clk 0:02:07]} 58.
Re8 {[%clk 0:13:13]} Nf4 {[%clk 0:01:33]} 59. a5 {[%clk 0:13:13]} f2 {[%clk
0:01:26]} 60. Rxe4+ {[%clk 0:13:33]} Kxe4 {[%clk 0:01:55]} 61. Kxf2 {[%clk
0:14:01]} Nd3+ {[%clk 0:02:24]} 62. Kg3 {[%clk 0:13:54]} Nxb2 {[%clk 0:02:48]}
63. a6 {[%clk 0:14:18]} Nc4 {[%clk 0:03:17]} 64. a7 {[%clk 0:14:39]} Nb6 {[%clk
0:03:46]} 65. Kg4 {[%clk 0:15:01]} Ke5 {[%clk 0:02:39]} 66. Kf3 {[%clk 0:15:12]}
Kf5 {[%clk 0:02:26]} 67. Kg3 {[%clk 0:15:37]} Kg5 {[%clk 0:01:38]} 68. Kf3 {[%clk
0:15:58]} Kh4 {[%clk 0:02:04]} 69. Kg2 {[%clk 0:16:24]} g5 {[%clk 0:02:30]} 70.
Kh2 {[%clk 0:16:51]} h5 {[%clk 0:02:54]} 71. Kg2 {[%clk 0:17:19]} g4 {[%clk
0:03:13]} 72. Kh2 {[%clk 0:16:24]} Kg5 {[%clk 0:03:36]} 73. Kg3 {[%clk 0:16:47]}
Na8 {[%clk 0:03:59]} 74. Kg2 {[%clk 0:16:34]} Kf4 {[%clk 0:04:23]} 75. Kf2 {[%clk
0:16:52]} g3+ {[%clk 0:03:15]} 76. Kg2 {[%clk 0:17:15]} h4 {[%clk 0:03:41]} 77.
Kf1 {[%clk 0:16:59]} Ke5 {[%clk 0:04:06]} 0-1

[Event "Greek Team Championship"]
[Site "chess24.com"]
[Date "2017.07.07"]
[Round "6"]
[White "Tzavaras, Spyridon"]
[Black "Simitzoglou, Panagiotis"]
[Result "1/2-1/2"]
[Board "10"]
[WhiteElo "1321"]
[WhiteCountry "GRE"]
[WhiteFideId "25800140"]
[WhiteEloChange "3"]
[BlackElo "1445"]
[BlackCountry "GRE"]
[BlackFideId "4299990"]
[BlackEloChange "-3"]

1. e4 {[%clk 1:30:57]} e6 {[%clk 1:30:54]} 2. d4 {[%clk 1:31:20]} d5 {[%clk
1:31:20]} 3. Nd2 {[%clk 1:31:34]} c5 {[%clk 1:31:46]} 4. Ngf3 {[%clk 1:31:59]}
cxd4 {[%clk 1:31:39]} 5. exd5 {[%clk 1:32:22]} Qxd5 {[%clk 1:32:03]} 6. Bc4
{[%clk 1:32:44]} Qd8 {[%clk 1:32:27]} 7. Nb3 {[%clk 1:32:52]} Nc6 {[%clk
1:32:48]} 8. Nbxd4 {[%clk 1:31:17]} Nxd4 {[%clk 1:33:04]} 9. Qxd4 {[%clk
1:31:18]} Qxd4 {[%clk 1:32:35]} 10. Nxd4 {[%clk 1:31:32]} a6 {[%clk 1:32:38]} 11.
Be3 {[%clk 1:30:20]} b5 {[%clk 1:32:34]} 12. Be2 {[%clk 1:29:26]} Bb7 {[%clk
1:31:42]} 13. O-O {[%clk 1:27:52]} Nf6 {[%clk 1:31:16]} 14. Rad1 {[%clk 1:24:19]}
Be7 {[%clk 1:29:21]} 15. c4 {[%clk 1:08:26]} bxc4 {[%clk 1:25:11]} 16. Bxc4
{[%clk 1:08:44]} Nd5 {[%clk 1:25:21]} 17. Nf5 {[%clk 1:00:22]} Nxe3 {[%clk
1:22:11]} 18. Nxg7+ {[%clk 0:52:30]} Kf8 {[%clk 1:22:17]} 19. fxe3 {[%clk
0:50:58]} Kxg7 {[%clk 1:18:45]} 20. Rd7 {[%clk 0:51:08]} Bxg2 {[%clk 1:14:34]}
21. Kxg2 {[%clk 0:48:37]} Rhe8 {[%clk 1:14:16]} 22. Rf4 {[%clk 0:38:09]} Bf6
{[%clk 1:10:41]} 23. Bd3 {[%clk 0:33:09]} h5 {[%clk 1:04:26]} 24. b3 {[%clk
0:30:24]} Re7 {[%clk 1:00:07]} 25. Rxe7 {[%clk 0:29:57]} Bxe7 {[%clk 1:00:30]}
26. Be2 {[%clk 0:27:37]} h4 {[%clk 0:59:40]} 27. Rd4 {[%clk 0:18:51]} Ra7 {[%clk
0:56:21]} 28. h3 {[%clk 0:14:15]} a5 {[%clk 0:50:05]} 29. Kf3 {[%clk 0:13:09]}
Rb7 {[%clk 0:42:55]} 30. Bd3 {[%clk 0:10:49]} Kf8 {[%clk 0:41:13]} 31. Be2 {[%clk
0:09:51]} Kg7 {[%clk 0:40:12]} 32. Bd3 {[%clk 0:10:15]} Kf8 {[%clk 0:39:52]} 33.
Be2 {[%clk 0:10:38]} Rc7 {[%clk 0:30:35]} 34. Bc4 {[%clk 0:10:14]} Rb7 {[%clk
0:30:19]} 1/2-1/2

[Event "Greek Team Championship"]
[Site "chess24.com"]
[Date "2017.07.07"]
[Round "6"]
[White "Balogh, Csaba"]
[Black "Parligras, Mircea-Emilian"]
[Result "1/2-1/2"]
[Board "1"]
[WhiteElo "2641"]
[WhiteTitle "GM"]
[WhiteCountry "HUN"]
[WhiteFideId "718939"]
[BlackElo "2612"]
[BlackTitle "GM"]
[BlackCountry "ROU"]
[BlackFideId "1204297"]

1. e4 {[%clk 1:28:52]} e5 {[%clk 1:30:53]} 2. Nf3 {[%clk 1:28:51]} Nc6 {[%clk
1:31:16]} 3. Bb5 {[%clk 1:29:15]} Nf6 {[%clk 1:31:37]} 4. d3 {[%clk 1:28:10]} Bc5
{[%clk 1:31:55]} 5. Bxc6 {[%clk 1:24:23]} dxc6 {[%clk 1:32:01]} 6. O-O {[%clk
1:24:45]} Nd7 {[%clk 1:24:08]} 7. c3 {[%clk 1:22:11]} O-O {[%clk 1:21:44]} 8. d4
{[%clk 1:22:00]} Bd6 {[%clk 1:20:26]} 9. Bg5 {[%clk 1:21:41]} Qe8 {[%clk
1:15:09]} 10. Re1 {[%clk 1:18:51]} f6 {[%clk 1:05:46]} 11. Bh4 {[%clk 1:18:58]}
Nb6 {[%clk 1:05:17]} 12. Nbd2 {[%clk 1:13:20]} Bg4 {[%clk 1:04:38]} 13. Qc2
{[%clk 1:06:12]} Kh8 {[%clk 0:59:43]} 14. Bg3 {[%clk 1:02:29]} Nd7 {[%clk
0:50:35]} 15. Nh4 {[%clk 0:59:23]} Qf7 {[%clk 0:48:19]} 16. Qd3 {[%clk 0:48:09]}
Be6 {[%clk 0:45:25]} 17. Nf5 {[%clk 0:44:51]} Rad8 {[%clk 0:39:12]} 18. Nxd6
{[%clk 0:23:44]} cxd6 {[%clk 0:39:36]} 19. c4 {[%clk 0:23:51]} c5 {[%clk
0:34:17]} 20. d5 {[%clk 0:23:54]} Bg4 {[%clk 0:34:43]} 21. a3 {[%clk 0:19:05]} b6
{[%clk 0:31:56]} 22. b4 {[%clk 0:18:25]} f5 {[%clk 0:25:59]} 23. Bh4 {[%clk
0:08:23]} Nf6 {[%clk 0:25:59]} 24. f3 {[%clk 0:05:34]} fxe4 {[%clk 0:25:59]} 25.
Nxe4 {[%clk 0:05:02]} Bf5 {[%clk 0:25:32]} 26. bxc5 {[%clk 0:05:25]} bxc5 {[%clk
0:25:49]} 27. Rab1 {[%clk 0:05:46]} Rd7 {[%clk 0:21:34]} 28. Rb2 {[%clk 0:04:50]}
Qh5 {[%clk 0:16:55]} 29. Bg3 {[%clk 0:04:54]} Nxe4 {[%clk 0:11:56]} 30. fxe4
{[%clk 0:05:19]} Bg6 {[%clk 0:12:19]} 31. h3 {[%clk 0:01:56]} 1/2-1/2

[Event "Greek Team Championship"]
[Site "chess24.com"]
[Date "2017.07.07"]
[Round "6"]
[White "Galopoulos, Nikolaos"]
[Black "Tzermiadianos, Andreas"]
[Result "1/2-1/2"]
[Board "2"]
[WhiteElo "2369"]
[WhiteCountry "GRE"]
[WhiteFideId "4208951"]
[WhiteEloChange "2"]
[BlackElo "2428"]
[BlackTitle "IM"]
[BlackCountry "GRE"]
[BlackFideId "4200853"]
[BlackEloChange "-1"]

1. Nf3 {[%clk 1:30:54]} Nf6 {[%clk 1:30:38]} 2. g3 {[%clk 1:31:14]} d5 {[%clk
1:30:34]} 3. Bg2 {[%clk 1:31:34]} g6 {[%clk 1:28:56]} 4. O-O {[%clk 1:31:49]} Bg7
{[%clk 1:29:17]} 5. c4 {[%clk 1:27:23]} c6 {[%clk 1:26:16]} 6. cxd5 {[%clk
1:26:54]} cxd5 {[%clk 1:26:39]} 7. d4 {[%clk 1:27:13]} Nc6 {[%clk 1:25:40]} 8.
Nc3 {[%clk 1:27:05]} Ne4 {[%clk 1:25:39]} 9. Nxe4 {[%clk 1:23:48]} dxe4 {[%clk
1:25:55]} 10. Ng5 {[%clk 1:24:12]} Qxd4 {[%clk 1:25:22]} 11. Nxe4 {[%clk
1:23:07]} O-O {[%clk 1:25:39]} 12. Nc3 {[%clk 1:20:24]} Bg4 {[%clk 1:18:10]} 13.
h3 {[%clk 1:18:52]} Qxd1 {[%clk 1:13:24]} 14. Rxd1 {[%clk 1:19:16]} Bxc3 {[%clk
1:10:55]} 15. hxg4 {[%clk 1:09:47]} Bg7 {[%clk 1:11:15]} 16. Be3 {[%clk 1:10:07]}
Rfd8 {[%clk 1:07:53]} 17. Rac1 {[%clk 1:02:11]} Bxb2 {[%clk 1:03:32]} 18. Rxd8+
{[%clk 0:58:20]} Rxd8 {[%clk 0:52:49]} 19. Rb1 {[%clk 0:58:43]} Bd4 {[%clk
0:52:56]} 20. Rxb7 {[%clk 0:58:44]} Bxe3 {[%clk 0:51:39]} 21. Bxc6 {[%clk
0:58:11]} Bc5 {[%clk 0:51:33]} 22. Rd7 {[%clk 0:58:35]} Rxd7 {[%clk 0:51:58]} 23.
Bxd7 {[%clk 0:58:58]} Kg7 {[%clk 0:52:01]} 24. Kg2 {[%clk 0:59:21]} Kf6 {[%clk
0:51:54]} 25. Kf3 {[%clk 0:59:36]} h6 {[%clk 0:52:14]} 26. Bb5 {[%clk 0:59:52]}
e6 {[%clk 0:52:30]} 27. Bc6 {[%clk 1:00:14]} a5 {[%clk 0:52:45]} 28. a4 {[%clk
1:00:40]} Bb6 {[%clk 0:52:58]} 29. Bb5 {[%clk 1:01:05]} Bc5 {[%clk 0:53:24]} 30.
Bc6 {[%clk 1:01:31]} Bb4 {[%clk 0:53:45]} 31. Bb5 {[%clk 1:01:57]} 1/2-1/2

[Event "Greek Team Championship"]
[Site "chess24.com"]
[Date "2017.07.07"]
[Round "6"]
[White "Gazis, Efstathios"]
[Black "Kesidis, Odyseas"]
[Result "1-0"]
[Board "3"]
[WhiteElo "2232"]
[WhiteTitle "FM"]
[WhiteCountry "GRE"]
[WhiteFideId "4200659"]
[WhiteEloChange "9"]
[BlackElo "2202"]
[BlackCountry "GRE"]
[BlackFideId "4221796"]
[BlackEloChange "-9"]

1. e4 {[%clk 1:27:34]} e5 {[%clk 1:30:57]} 2. Nf3 {[%clk 1:27:52]} Nc6 {[%clk
1:31:24]} 3. Nc3 {[%clk 1:27:53]} Nf6 {[%clk 1:31:46]} 4. Be2 {[%clk 1:28:08]} g6
{[%clk 1:24:01]} 5. d4 {[%clk 1:25:58]} exd4 {[%clk 1:19:27]} 6. Nxd4 {[%clk
1:25:49]} Bg7 {[%clk 1:19:41]} 7. Nxc6 {[%clk 1:23:37]} dxc6 {[%clk 1:19:54]} 8.
Qxd8+ {[%clk 1:23:35]} Kxd8 {[%clk 1:20:21]} 9. Bf4 {[%clk 1:17:13]} Be6 {[%clk
1:19:45]} 10. O-O-O+ {[%clk 1:16:47]} Kc8 {[%clk 1:20:01]} 11. Be5 {[%clk
1:10:00]} Re8 {[%clk 1:18:29]} 12. f4 {[%clk 1:07:54]} b5 {[%clk 1:05:29]} 13.
Bf3 {[%clk 1:00:09]} Kb7 {[%clk 1:03:51]} 14. Nxb5 {[%clk 0:51:37]} cxb5 {[%clk
0:46:36]} 15. Bxf6 {[%clk 0:48:54]} Bxf6 {[%clk 0:46:46]} 16. e5+ {[%clk
0:49:15]} c6 {[%clk 0:47:12]} 17. exf6 {[%clk 0:49:33]} Kc7 {[%clk 0:47:27]} 18.
a3 {[%clk 0:47:03]} h5 {[%clk 0:45:28]} 19. Rhe1 {[%clk 0:43:24]} Rad8 {[%clk
0:42:36]} 20. Re5 {[%clk 0:41:19]} Rxd1+ {[%clk 0:36:16]} 21. Kxd1 {[%clk
0:41:14]} Rd8+ {[%clk 0:36:07]} 22. Ke2 {[%clk 0:40:55]} Rd6 {[%clk 0:35:51]} 23.
Ke3 {[%clk 0:39:16]} Bd7 {[%clk 0:35:56]} 24. f5 {[%clk 0:31:21]} Rxf6 {[%clk
0:32:27]} 25. fxg6 {[%clk 0:31:42]} fxg6 {[%clk 0:32:53]} 26. b4 {[%clk 0:29:16]}
Kd6 {[%clk 0:31:38]} 27. Rc5 {[%clk 0:28:24]} a5 {[%clk 0:30:07]} 28. h4 {[%clk
0:27:30]} axb4 {[%clk 0:24:51]} 29. axb4 {[%clk 0:27:00]} Rf8 {[%clk 0:24:40]}
30. Be4 {[%clk 0:24:20]} Rf6 {[%clk 0:25:09]} 31. Rg5 {[%clk 0:22:21]} Be8 {[%clk
0:25:26]} 32. Kd4 {[%clk 0:21:36]} Bf7 {[%clk 0:25:19]} 33. Rg3 {[%clk 0:16:50]}
Rf4 {[%clk 0:15:40]} 34. Rf3 {[%clk 0:16:37]} Rxf3 {[%clk 0:16:06]} 35. Bxf3
{[%clk 0:16:39]} Be6 {[%clk 0:15:55]} 36. Be4 {[%clk 0:16:56]} Bf7 {[%clk
0:16:10]} 37. Bd3 {[%clk 0:13:42]} Be8 {[%clk 0:16:35]} 38. Ke4 {[%clk 0:11:13]}
c5 {[%clk 0:06:49]} 39. bxc5+ {[%clk 0:06:12]} Kxc5 {[%clk 0:07:14]} 40. Ke5
{[%clk 0:36:37]} b4 {[%clk 0:34:03]} 41. g3 {[%clk 0:36:06]} Bf7 {[%clk 0:28:40]}
42. Kf6 {[%clk 0:32:48]} Bd5 {[%clk 0:26:39]} 43. Bxg6 {[%clk 0:27:54]} Bf3
{[%clk 0:26:33]} 44. Kg5 {[%clk 0:25:09]} Bd1 {[%clk 0:18:25]} 45. Bxh5 {[%clk
0:24:37]} Bxc2 {[%clk 0:18:52]} 46. Bf7 {[%clk 0:24:56]} b3 {[%clk 0:14:52]} 47.
Bxb3 {[%clk 0:22:41]} Bxb3 {[%clk 0:15:19]} 48. h5 {[%clk 0:23:00]} Kd4 {[%clk
0:09:18]} 49. h6 {[%clk 0:22:55]} Bc2 {[%clk 0:04:02]} 50. Kf6 {[%clk 0:22:01]}
Ke3 {[%clk 0:03:39]} 51. g4 {[%clk 0:22:13]} Kf4 {[%clk 0:03:48]} 52. g5 {[%clk
0:22:36]} Kg4 {[%clk 0:03:01]} 53. g6 {[%clk 0:22:51]} 1-0

[Event "Greek Team Championship"]
[Site "chess24.com"]
[Date "2017.07.07"]
[Round "6"]
[White "Vasiliadis, Anastasios"]
[Black "Papadopoulos, Nikolaos"]
[Result "1/2-1/2"]
[Board "4"]
[WhiteElo "1972"]
[WhiteCountry "GRE"]
[WhiteFideId "4251083"]
[WhiteEloChange "6"]
[BlackElo "2216"]
[BlackCountry "GRE"]
[BlackFideId "4211596"]
[BlackEloChange "-6"]

1. d4 {[%clk 1:30:56]} g6 {[%clk 1:29:41]} 2. g3 {[%clk 1:31:23]} Nf6 {[%clk
1:29:14]} 3. Nf3 {[%clk 1:31:50]} Bg7 {[%clk 1:29:28]} 4. Bg2 {[%clk 1:32:16]}
O-O {[%clk 1:29:34]} 5. O-O {[%clk 1:32:42]} d6 {[%clk 1:28:02]} 6. c4 {[%clk
1:32:10]} Nc6 {[%clk 1:27:23]} 7. Nc3 {[%clk 1:32:22]} a6 {[%clk 1:25:42]} 8. b3
{[%clk 1:29:40]} Rb8 {[%clk 1:25:04]} 9. Bb2 {[%clk 1:24:16]} b5 {[%clk 1:24:16]}
10. cxb5 {[%clk 1:21:26]} axb5 {[%clk 1:24:40]} 11. Rc1 {[%clk 1:21:51]} Bd7
{[%clk 1:23:43]} 12. Re1 {[%clk 1:17:05]} Na5 {[%clk 1:13:35]} 13. Qc2 {[%clk
1:14:59]} e6 {[%clk 0:58:27]} 14. e4 {[%clk 1:06:54]} b4 {[%clk 0:41:45]} 15. Nb1
{[%clk 1:01:47]} Rc8 {[%clk 0:40:28]} 16. Nbd2 {[%clk 0:59:27]} Re8 {[%clk
0:22:17]} 17. Nc4 {[%clk 0:49:06]} Nxc4 {[%clk 0:22:41]} 18. Qxc4 {[%clk
0:49:31]} Ra8 {[%clk 0:16:49]} 19. Ra1 {[%clk 0:25:05]} Nxe4 {[%clk 0:14:21]} 20.
Qxb4 {[%clk 0:21:28]} Nf6 {[%clk 0:06:25]} 21. Qc4 {[%clk 0:19:59]} Nd5 {[%clk
0:05:05]} 22. Nd2 {[%clk 0:17:40]} c6 {[%clk 0:04:11]} 23. Ne4 {[%clk 0:17:41]}
Qb8 {[%clk 0:04:19]} 24. a3 {[%clk 0:10:35]} c5 {[%clk 0:02:45]} 25. Bf1 {[%clk
0:08:48]} Nb6 {[%clk 0:01:33]} 26. Qd3 {[%clk 0:08:31]} Bc6 {[%clk 0:01:21]} 27.
Reb1 {[%clk 0:07:57]} Bxe4 {[%clk 0:00:44]} 28. Qxe4 {[%clk 0:08:22]} d5 {[%clk
0:00:47]} 29. Qe3 {[%clk 0:06:10]} cxd4 {[%clk 0:01:03]} 30. Bxd4 {[%clk
0:06:32]} Bxd4 {[%clk 0:01:31]} 31. Qxd4 {[%clk 0:06:57]} e5 {[%clk 0:01:44]} 32.
Qd2 {[%clk 0:06:26]} Qd6 {[%clk 0:01:04]} 33. a4 {[%clk 0:06:50]} d4 {[%clk
0:01:28]} 34. a5 {[%clk 0:06:23]} Nd5 {[%clk 0:01:41]} 35. Bg2 {[%clk 0:05:51]}
Rab8 {[%clk 0:02:05]} 36. a6 {[%clk 0:04:19]} Nb6 {[%clk 0:01:45]} 37. a7 {[%clk
0:04:17]} Rbd8 {[%clk 0:02:15]} 38. Ra6 {[%clk 0:03:25]} Qc5 {[%clk 0:02:16]} 39.
b4 {[%clk 0:02:08]} Qb5 {[%clk 0:02:36]} 40. Bf1 {[%clk 0:32:21]} d3 {[%clk
0:32:52]} 41. Qa2 {[%clk 0:30:44]} e4 {[%clk 0:28:18]} 42. Qa5 {[%clk 0:25:06]}
Qxa5 {[%clk 0:27:19]} 43. Rxa5 {[%clk 0:25:25]} Ra8 {[%clk 0:14:05]} 1/2-1/2

[Event "Greek Team Championship"]
[Site "chess24.com"]
[Date "2017.07.07"]
[Round "6"]
[White "Radeva, Viktoria"]
[Black "Milliet, Sophie"]
[Result "1-0"]
[Board "5"]
[WhiteElo "2236"]
[WhiteTitle "WFM"]
[WhiteCountry "BUL"]
[WhiteFideId "2915405"]
[WhiteEloChange "14"]
[BlackElo "2366"]
[BlackTitle "IM"]
[BlackCountry "FRA"]
[BlackFideId "623725"]
[BlackEloChange "-14"]

1. e4 {[%clk 1:30:58]} c5 {[%clk 1:30:55]} 2. Nf3 {[%clk 1:31:23]} d6 {[%clk
1:31:20]} 3. d4 {[%clk 1:31:45]} cxd4 {[%clk 1:31:46]} 4. Nxd4 {[%clk 1:32:08]}
Nf6 {[%clk 1:32:11]} 5. Nc3 {[%clk 1:32:23]} a6 {[%clk 1:32:36]} 6. f3 {[%clk
1:32:39]} e5 {[%clk 1:32:00]} 7. Nb3 {[%clk 1:33:04]} Be6 {[%clk 1:32:13]} 8. Be3
{[%clk 1:33:22]} h5 {[%clk 1:32:26]} 9. Qd2 {[%clk 1:33:35]} Nbd7 {[%clk
1:32:42]} 10. Nd5 {[%clk 1:33:23]} Bxd5 {[%clk 1:32:35]} 11. exd5 {[%clk
1:33:45]} g6 {[%clk 1:31:36]} 12. Be2 {[%clk 1:30:11]} Bg7 {[%clk 1:31:48]} 13.
O-O {[%clk 1:27:29]} b6 {[%clk 1:32:02]} 14. c4 {[%clk 1:27:10]} O-O {[%clk
1:32:17]} 15. Rac1 {[%clk 1:26:32]} Re8 {[%clk 1:32:21]} 16. Rfe1 {[%clk
1:18:10]} Nh7 {[%clk 1:20:14]} 17. Na1 {[%clk 1:05:16]} Bf6 {[%clk 1:15:52]} 18.
b4 {[%clk 1:01:23]} Bg5 {[%clk 1:15:09]} 19. Nb3 {[%clk 0:55:41]} Bxe3+ {[%clk
1:09:34]} 20. Qxe3 {[%clk 0:56:06]} a5 {[%clk 1:00:21]} 21. bxa5 {[%clk 0:38:43]}
bxa5 {[%clk 1:00:45]} 22. c5 {[%clk 0:39:06]} a4 {[%clk 0:47:05]} 23. c6 {[%clk
0:39:28]} Ndf6 {[%clk 0:47:25]} 24. Nd2 {[%clk 0:38:05]} Nxd5 {[%clk 0:47:42]}
25. Qa3 {[%clk 0:33:29]} Qb6+ {[%clk 0:44:19]} 26. Kh1 {[%clk 0:33:47]} Nf4
{[%clk 0:43:56]} 27. Nc4 {[%clk 0:28:31]} Qf2 {[%clk 0:37:30]} 28. Bf1 {[%clk
0:28:50]} h4 {[%clk 0:37:55]} 29. Nxd6 {[%clk 0:24:01]} h3 {[%clk 0:38:21]} 30.
gxh3 {[%clk 0:22:17]} Re7 {[%clk 0:22:05]} 31. Qe3 {[%clk 0:16:32]} Qh4 {[%clk
0:22:30]} 32. c7 {[%clk 0:10:18]} Rxc7 {[%clk 0:22:57]} 33. Rxc7 {[%clk 0:10:44]}
Nd5 {[%clk 0:23:24]} 34. Qxe5 {[%clk 0:09:22]} Nxc7 {[%clk 0:23:49]} 35. f4
{[%clk 0:05:14]} Rd8 {[%clk 0:22:45]} 36. Nxf7 {[%clk 0:02:45]} Re8 {[%clk
0:22:42]} 37. Nh6+ {[%clk 0:02:54]} Qxh6 {[%clk 0:23:01]} 38. Bc4+ {[%clk
0:03:21]} Ne6 {[%clk 0:22:56]} 39. Bxe6+ {[%clk 0:03:46]} Kf8 {[%clk 0:23:22]}
40. Qh8+ {[%clk 0:33:26]} Ke7 {[%clk 0:53:52]} 41. Bg4+ {[%clk 0:33:41]} 1-0